Campeones del Mundo de Ajedrez - ¡Muerte súbita! - Estadísticas

Estadísticas generales
  • Esta prueba ha sido intentada 231 veces
    201 desde el último reinicio
  • La puntuación promedio es 9 de 22
Answers on the Grid
Answers color-coded by a green-red scale on the quiz's grid according to % correct below.
Steinitz
Lasker
Capablanca
Alekhine
Euwe
Botvínnik
Smyslov
Tal
Petrosián
Spassky
Fischer
Karpov
Kasparov
Jálifman
Anand
Krámnik
Ponomariov
Kasimdzhanov
Topalov
Carlsen
Liren
Gukesh
Morphy
Anderssen
Chigorin
Zukertort
Marshall
Tarrasch
Bogoljubov
Keres
Reshevsky
Korchnói
Short
Leko
Timman
Kamsky
Akopián
Hikaru
Shírov
Ivanchuk
Aronian
Grischuk
Caruana
Nepómniashchi
Kariakin
Dubov
Khamrakulov
Villanueva
Erigaisi
Abdusattorov
Firouzja
Duda
Mamedyarov
Vachier-Lagrave
Praggnanandhaa
Niemann
Giri
Keymer
Rapport
Esipenko
 
Estadísticas de respuestas
Respuesta % Correcto
Kasparov
64%
Carlsen
61%
Fischer
60%
Karpov
60%
Capablanca
54%
Petrosián
45%
Alekhine
43%
Krámnik
43%
Anand
42%
Spassky
42%
Tal
42%
Botvínnik
41%
Lasker
39%
Gukesh
36%
Liren
35%
Steinitz
34%
Euwe
27%
Topalov
27%
Smyslov
26%
Kasimdzhanov
13%
Ponomariov
13%
Jálifman
9%
No se encontraron pruebas coincidentes
Distribución de puntuación
Porcentaje de gente con cada puntuación
Porcentaje por número respondido
Historial de tus puntuaciones
No has intentado esta prueba desde el último reinicio